1623 1053 1638 1445 1446 1514 1691 1828 1207 1801 1216 1574 1202 1472 1836 1935 1525 1490 1364 1650 1764 1135 1102 1441 1358 1320 1896 1141 1837 1214 1583 1130 1137 1270 1556 1313 1084 1774 1412 1498 1456 1344 1711 1450 1098 1219 1815 1789 1971 1454 1980 1847 1215 1251 1835 1397 1567 1643 1227 1826 1758 1006 1395 1524 1855 1893 1746 1898 1359 1587 1898 1484 1725 1742 1220 1277 1612 1551 1079 1373 1053 1768 1005 1760 1814 1557 1331 1176 1167 1008 1485 1366 1570 1104 1992 1584 1745 1845 1015 BCNSPRNW ULIB Ver.6.0+V

เปลี่ยนเป็นภาษาไทย

Change to English
 แสดงรายละเอียดบรรณานุกรม
  กลับหน้าหลัก

Brief Record : Get Marc (ISO 2709) : E-mail record : QR code < ปิดหน้าต่าง
LEADER : 00000nam 2200000uu 4500
001    13399122906
003     ULIB
008    131029s2011||||th 000 0 tha d
020    ^a9780763765682
060 04 ^aWY20.5^bT175a
100 1  ^aTappen, Ruth M.
245 10 ^aAdvanced nursing research :^bfrom theory to practice / ^cRuth M. Tappen.
260    ^aSudbury, MA :^bJones & Bartlett Learning,^c2011.
300    ^axvi, 504 p. :^bill. ;^c24 cm.
504    ^aIncludes bibliographical references and index.
650  0 ^aNursing^xResearch^xMethodology.
650  2 ^aNursing Research^xmethods.
650  2 ^aResearch Design.
945    ^p100^l0^i034124
999    ^aเกษร โพธิ์สุวรรณ
รายการนี้ยังไม่มีแท็ก
คุณยังไม่ได้ล็อกอิน คุณสามารถมีกิจกรรมร่วมกับเว็บไซต์ได้ แต่ต้องล็อกอินก่อน ::
  ล็อกอิน

รายการสื่อสารสนเทศ

ลำดับที่ ประเภท เลขเรียก/บาร์โค้ด สถานที่ สถานะ
1. Book การพยาบาล
Book การพยาบาล
WY20.5 T175a  
  Barcode: 034124
ห้องสมุดวิทยาเขตสวรรค์ประชารักษ์
►หนังสือทั่วไป
บนชั้น

รายการใกล้เคียง
    หัวเรื่อง [Research Design.]

BibComment


ยังไม่เคยถูกคอมเมนท์

คอมเมนท์ทรัพยากรรายการนี้
  คอมเมนท์: Advanced nursing..


 Copyright 2026. Bcnsprnw @Library